000 00535nam a22001457a 4500
008 150605b xxu||||| |||| 00| 0 eng d
082 _a708
_bG 244g
100 _aConte, Guillermo; Pérez-Ratton, Virginia; Gary Nader
_92996
245 _aGuillermo Conte
260 _aMiami
_bCoral Gables
_c2001
300 _a32 p.
_bill. (col)
_c21.5x28 cm
600 _aConte, Guillermo
_d1956
_xCatalogos
_92997
650 _xArte moderno-Argentina
_xPerez Ratton, Virginia
_xGary Nader, Fine Art
_92998
700 _a Virginia Pérez-Ratton ; Nader Gary
_92999
999 _c667
_d667